| 000 | 00800nam a2200253Ia 4500 | ||
|---|---|---|---|
| 003 | OSt | ||
| 005 | 20220926010221.0 | ||
| 006 | a|||||r|||| 00| 0 | ||
| 007 | ta | ||
| 008 | 220923b |||||||| |||| 00| 0 eng d | ||
| 020 | _a0 297 77646 0 | ||
| 037 | _cGeneral Book | ||
| 040 |
_aRTL _cRTL _beng |
||
| 041 |
_2eng _aeng |
||
| 082 | _aY7:4.2.N05<--L93, L9/TD | ||
| 100 |
_aBallhatchet Kenneth _9102637 |
||
| 245 | 0 |
_aRace, sex and class under the Raj _b Imperial attitudes and policies and their critics, 1793-1905 |
|
| 260 |
_a New Delhi _bVikas Publishing House _c1979 |
||
| 300 |
_aviii, 199p. _ccm. |
||
| 500 | _aBibliography: P 187-89 | ||
| 650 | _aRace | ||
| 942 |
_hY7:4.2.N05<--L93, L9/TD _cGB _2CC |
||
| 999 |
_c616727 _d616727 |
||